000 00621nam a2200229Ia 4500
003 OSt
005 20220928125837.0
006 a|||||r|||| 00| 0
007 ta
008 220927b |||||||| |||| 00| 0 eng d
024 _a63373
037 _cTextual
040 _aSDCL
_cSDCL
_beng
041 _2eng
_aeng
082 _aR693xD90,2, N6
100 _aMishra Madhusudan
_9402291
245 0 _aHouseholders discipline jainism
260 _aDelhi
_bEsatern Book Linkers
_c1996
300 _axviii,96p.
_ccm.
942 _hR693xD90,2, N6
_cTEXL
_2CC
999 _c784394
_d784394